Разработка адсорбционной технологии очистки сточных вод коксохимического производства: автореферат диссертации на соискание ученой степени кандидата технических наук; спец. 25.00.27

গ্রন্থ-পঞ্জীর বিবরন
প্রধান লেখক: Голубева Н. С. Надежда Сергеевна
সংস্থা লেখক: Кемеровский технологический институт пищевой промышленности (КемТИПП) Кафедра аналитической химии и экологи
অন্যান্য লেখক: Краснова Т. А. Тамара Андреевна (научный руководитель)
সংক্ষিপ্ত:Защита сост. 28.02.2013 г.
ভাষা:রুশ
প্রকাশিত: Барнаул, 2013
বিষয়গুলি:
বিন্যাস: গ্রন্থ
KOHA link:https://koha.lib.tpu.ru/cgi-bin/koha/opac-detail.pl?biblionumber=234990

MARC

LEADER 00000nam0a2200000 4500
001 234990
005 20231101231351.0
035 |a (RuTPU)RU\TPU\book\256119 
090 |a 234990 
100 |a 20130403d2013 k y0rusy50 ca 
101 0 |a rus 
102 |a RU 
105 |a a dm 001zy 
200 1 |a Разработка адсорбционной технологии очистки сточных вод коксохимического производства  |e автореферат диссертации на соискание ученой степени кандидата технических наук  |e спец. 25.00.27  |f Н. С. Голубева  |g Кемеровский технологический институт пищевой промышленности (КемТИПП), Кафедра аналитической химии и экологи ; науч. рук. Т. А. Краснова 
210 |a Барнаул  |d 2013 
215 |a 16 с.  |c ил. 
300 |a Защита сост. 28.02.2013 г. 
320 |a Библиогр.: с. 15-16 (16 назв.). 
606 1 |a Коксохимические заводы  |x Водное хозяйство  |2 stltpush  |3 (RuTPU)RU\TPU\subj\33230  |9 55528 
610 1 |a Кемеровская область 
610 1 |a водно-ресурсные системы 
610 1 |a пиридин 
610 1 |a фенолы 
610 1 |a токсическое действие 
610 1 |a коксохимическое производство 
610 1 |a сточные воды 
610 1 |a органические соединения 
610 1 |a адсорбция 
610 1 |a отработанные адсорбенты 
610 1 |a регенерация 
610 1 |a очистка 
610 1 |a сорбционная технология 
610 1 |a авторефераты диссертаций 
675 |a 662.741.013(04)  |v 3 
686 |a 25.00.27  |2 oksvnk 
700 1 |a Голубева  |b Н. С.  |g Надежда Сергеевна 
702 1 |a Краснова  |b Т. А.  |g Тамара Андреевна  |4 727 
712 0 2 |a Кемеровский технологический институт пищевой промышленности (КемТИПП)  |b Кафедра аналитической химии и экологи  |2 stltpush  |3 (RuTPU)RU\TPU\col\1863 
801 1 |a RU  |b 63413507  |c 20130403 
801 2 |a RU  |b 63413507  |c 20130414  |g RCR 
942 |c BK